000 00418nam a2200181Ia 4500
001 19656
005 20260306172709.0
008 260306t1978||||xx |||||||||||||| ||spa||
041 _aESP
082 _a340.92
_bG24
100 _aGarcia Rada, Domingo
_eAUT
245 0 _aMemorias de un juez
260 _c1978
300 _a427 páginas :
_c21 cm.
650 _aGEN
654 _aCDE
942 _cLIB
_dJUS
_fJUS
_2ddc
_n
999 _c19656
_d19656